000
00300nam a2200145Ia 4500
100
_a
Janaki/ Ram D
942
_c
BK
654
_a
Management
245
_a
Management of data
260
_b
Narosa book
_a
Ackland
_c
1998
082
_a
5.74
_b
RAM
300
_a
314
546
_a
ENGLISH
999
_c
34412
_d
34412